<?xml version="1.0" encoding="UTF-8"?>
<record
    xmlns:xsi="http://www.w3.org/2001/XMLSchema-instance"
    xsi:schemaLocation="http://www.loc.gov/MARC21/slim http://www.loc.gov/standards/marcxml/schema/MARC21slim.xsd"
    xmlns="http://www.loc.gov/MARC21/slim">

  <leader>01160nam a22002295i 4500</leader>
  <controlfield tag="001">160904</controlfield>
  <controlfield tag="003">ES-MaACL</controlfield>
  <controlfield tag="005">20230906212143.0</controlfield>
  <controlfield tag="008">990526s1889    mx a         |||| | spa d</controlfield>
  <datafield tag="040" ind1=" " ind2=" ">
    <subfield code="a">CCPB | B </subfield>
    <subfield code="b">spa </subfield>
    <subfield code="c">CCPB | B</subfield>
  </datafield>
  <datafield tag="100" ind1="1" ind2=" ">
    <subfield code="a">Olavarr&#xED;a y Ferrari, Enrique de.</subfield>
    <subfield code="9">130602</subfield>
  </datafield>
  <datafield tag="245" ind1="1" ind2="3">
    <subfield code="a">El Real Colegio de San Ignacio de Loyola </subfield>
    <subfield code="b">: vulgarmente Colegio de las Vizcainas en la actualidad Colegio de la Paz : rese&#xF1;a hist&#xF3;rica / </subfield>
    <subfield code="c">escrita por Enrique de Olavarr&#xED;a y Ferrari ; &#xE9; impresa por acuerdo y con la aprobaci&#xF3;n de su Junta directiva.</subfield>
  </datafield>
  <datafield tag="260" ind1=" " ind2=" ">
    <subfield code="a">M&#xE9;xico : </subfield>
    <subfield code="b">[s.n.], </subfield>
    <subfield code="c">1889 (</subfield>
    <subfield code="f">imprenta de Francisco Diaz de Leon)</subfield>
  </datafield>
  <datafield tag="300" ind1=" " ind2=" ">
    <subfield code="a">[14], 244, 130 p., [10] h. de l&#xE1;m., [1] h. pleg. de plan. ; </subfield>
    <subfield code="c">25 cm.</subfield>
  </datafield>
  <datafield tag="594" ind1=" " ind2="1">
    <subfield code="a">T&#xED;t. en antep.: "Rese&#xF1;a hist&#xF3;rica"</subfield>
  </datafield>
  <datafield tag="597" ind1=" " ind2="1">
    <subfield code="a">Port. a dos tintas con vi&#xF1;eta xil.</subfield>
  </datafield>
  <datafield tag="599" ind1=" " ind2="1">
    <subfield code="a">H. de l&#xE1;m. fot. y grab. xil. fuera de texto.</subfield>
  </datafield>
  <datafield tag="599" ind1=" " ind2="1">
    <subfield code="a">1 H. pleg. de plan. bl. y n.</subfield>
  </datafield>
  <datafield tag="610" ind1="2" ind2=" ">
    <subfield code="a">Real Colegio de San Ignacio de Loyola (M&#xE9;xico)-</subfield>
    <subfield code="x">Historia.</subfield>
    <subfield code="9">134786</subfield>
  </datafield>
  <datafield tag="752" ind1=" " ind2=" ">
    <subfield code="a">M&#xE9;xico - </subfield>
    <subfield code="d">M&#xE9;xico</subfield>
  </datafield>
  <datafield tag="852" ind1=" " ind2=" ">
    <subfield code="a">ES-MaACL</subfield>
    <subfield code="j">F-10634 </subfield>
    <subfield code="z">-- Enc. pasta espa&#xF1;ola </subfield>
    <subfield code="z">-- An. ms.: ded. del autor al Ateneo de Madrid</subfield>
  </datafield>
  <datafield tag="999" ind1=" " ind2=" ">
    <subfield code="c">160904</subfield>
    <subfield code="d">160904</subfield>
  </datafield>
  <datafield tag="952" ind1=" " ind2=" ">
    <subfield code="0">0</subfield>
    <subfield code="1">0</subfield>
    <subfield code="4">0</subfield>
    <subfield code="7">0</subfield>
    <subfield code="8">LIBXIX</subfield>
    <subfield code="a">ATENEOM</subfield>
    <subfield code="b">ATENEOM</subfield>
    <subfield code="c">SPP2</subfield>
    <subfield code="d">2008-01-17</subfield>
    <subfield code="e">SSC</subfield>
    <subfield code="l">0</subfield>
    <subfield code="o">F-10634</subfield>
    <subfield code="p">1168505</subfield>
    <subfield code="r">2023-02-23 00:00:00</subfield>
    <subfield code="w">2023-02-23</subfield>
    <subfield code="y">MONANT</subfield>
  </datafield>
</record>
